000 01046nam a22002897a 4500
001 9855
003 FISKH
005 20260309135608.0
008 260309b cb ||||| |||| 00| 0 eng d
020 _a9781565650565
040 _aFISKH
_beng
_cFISKH
_dFISKH
050 _aQK917 .D68
082 _a583.121
100 _aDoyle, Mycol
_eAuthor
245 _aKiller plants :
_bThe Venus Flytrap, Strangler Fig, and other predatory plants /
_cBy Mycol Doyle ; illustrated by Allison Atwill
260 _aLos Angeles :
_bRGA Publishing Group Inc. ,
_c1993
300 _a30 unnumbered pages :
_bcolor illustrations ;
_c26 cm
505 _aR
520 _aDescribes thirteen plants, such as the sundew, bladderwort, and mistletoe, that depend on the animal world or other plants for their nutrition.
521 8 _a700
_bLexile estimate
521 8 _aR
_bRaz-Plus
650 _aScience fiction
_vTropical
650 _aChildren's reference
_vFormative
700 _aAtwill, Allison
_eIllustrator
942 _2ddc
_cBK
_n0
999 _c9855
_d9855